| 000 | 00533nam a22001697a 4500 | ||
|---|---|---|---|
| 003 | BD-DhUL | ||
| 005 | 20200308141856.0 | ||
| 008 | 190114s1930 ii ||||| |||| 00| 0 urd d | ||
| 040 |
_aBD-DhUL _cBD-DhUL |
||
| 082 |
_a891.4308 _bJAM |
||
| 100 | 0 | _aجعفر حسن | |
| 245 | 1 | 0 |
_aمنتخبات ہندی کلام / _cجعفر حسن |
| 260 |
_aحیدراباد دکن : _bدی حدراباد بک ڈپو۔چادرگھاٹ، _c۔۱۹۳۰ |
||
| 300 |
_aص۔ ۲۲۵ ؛ _c۲۲ سم۔ |
||
| 650 | 4 | _aUrdu Literature | |
| 942 |
_2ddc _cBK |
||
| 999 |
_c245779 _d245779 |
||